Understanding data communications and networks / (Record no. 193316)

000 -LEADER
fixed length control field 01462 a2200265 4500
003 - CONTROL NUMBER IDENTIFIER
control field Nust
005 - DATE AND TIME OF LATEST TRANSACTION
control field 20220730113045.0
010 ## - LIBRARY OF CONGRESS CONTROL NUMBER
LC control number 2003109625
020 ## - INTERNATIONAL STANDARD BOOK NUMBER
International Standard Book Number 0534383173
035 ## - SYSTEM CONTROL NUMBER
System control number (DLC) 2003109625
040 ## - CATALOGING SOURCE
Transcribing agency Nust
082 00 - DEWEY DECIMAL CLASSIFICATION NUMBER
Classification number 004.65,SHA
100 1# - MAIN ENTRY--PERSONAL NAME
Personal name Shay, William A.
9 (RLIN) 95905
245 10 - TITLE STATEMENT
Title Understanding data communications and networks /
Statement of responsibility, etc. William A. Shay.
250 ## - EDITION STATEMENT
Edition statement 3rd ed.
260 ## - PUBLICATION, DISTRIBUTION, ETC.
Place of publication, distribution, etc. Australia ;
-- Belmont, Calif. :
Name of publisher, distributor, etc. Thomson Brooks/Cole,
Date of publication, distribution, etc. c2004.
300 ## - PHYSICAL DESCRIPTION
Extent xxv, 766 p. :
Other physical details ill. ;
Dimensions 25 cm.
505 ## - FORMATTED CONTENTS NOTE
Formatted contents note Introduction to Communications, Standards, and Protocols (Page-1), Transmission Media and Codes (Page-54), Analog and Digital Signals (Page-97), Making Connections (Page-144), Data Compression (Page-215), Data Integrity (Page-258), Data Security (Page-279), Flow Control (Page-350), Local Area Networks (Page-396), Connecting Networks (Page-462), Internet Protocols and Applications (Page-524), Internet Programming (Page-616), Circuit Technologies (Page-677).
650 00 - SUBJECT ADDED ENTRY--TOPICAL TERM
Topical term or geographic name entry element Computer networks.
9 (RLIN) 3677
650 00 - SUBJECT ADDED ENTRY--TOPICAL TERM
Topical term or geographic name entry element Data transmission systems.
9 (RLIN) 17977
856 42 - ELECTRONIC LOCATION AND ACCESS
Materials specified Contributor biographical information
Uniform Resource Identifier <a href="http://www.loc.gov/catdir/enhancements/fy1302/2003109625-b.html">http://www.loc.gov/catdir/enhancements/fy1302/2003109625-b.html</a>
856 42 - ELECTRONIC LOCATION AND ACCESS
Materials specified Publisher description
Uniform Resource Identifier <a href="http://www.loc.gov/catdir/enhancements/fy1302/2003109625-d.html">http://www.loc.gov/catdir/enhancements/fy1302/2003109625-d.html</a>
856 42 - ELECTRONIC LOCATION AND ACCESS
Materials specified Table of contents only
Uniform Resource Identifier <a href="http://www.loc.gov/catdir/enhancements/fy1302/2003109625-t.html">http://www.loc.gov/catdir/enhancements/fy1302/2003109625-t.html</a>
942 ## - ADDED ENTRY ELEMENTS (KOHA)
Source of classification or shelving scheme
Koha item type Book
Call number prefix 004.65,SHA
Holdings
Withdrawn status Lost status Source of classification or shelving scheme Damaged status Not for loan Permanent Location Current Location Shelving location Date acquired Full call number Barcode Date last seen Price effective from Koha item type Public note
          Military College of Signals (MCS) Military College of Signals (MCS) General Stacks 12/12/2016 004.65 ,SHA MCS31118 12/08/2016 12/12/2016 Book Almirah No.3, Shelf No.2
© 2023 Central Library, National University of Sciences and Technology. All Rights Reserved.